000 00638nmm a2200193Ia 4500
008 251105s9999||||xx |||||||||||||||||und||
041 _aspa
100 _aMonerris, Encarna G.
245 0 _aCuando todo era posible: Liberalismo y Antiliberalismo en España e Hispanoamérica (1780 - 1842)
264 _a[Madrid, España] :
_bSílex Ediciones,
_c2016
300 _a397 páginas
490 _aSerie Historia
650 _aHistory of Europe: Spain
700 _aMonerris, Encarna G.
700 1 _a Frasquet, Ivana
700 1 _a Monerris G., Carmen (eds.)
856 _uhttps://public.digitaliapublishing.com/a/62982
942 _cCF
999 _c68950
_d68950